[Event "LTU-chT"]
[Site "Lithuania"]
[Date "2017.02.18"]
[Round "4.6"]
[White "Buterlevicius, Rytis"]
[Black "Luksas, Jonas"]
[Result "1-0"]
[WhiteElo "1808"]
[BlackElo "1689"]
[PlyCount "55"]
[EventDate "2017.01.28"]
[EventType "team-swiss"]
[EventRounds "7"]
[EventCountry "LTU"]
[SourceTitle "CBM 176 Extra"]
[Source "ChessBase"]
[SourceDate "2017.03.02"]
[SourceVersion "1"]
[SourceVersionDate "2017.03.02"]
[SourceQuality "1"]
[WhiteTeam "Plunge Bokstas"]
[BlackTeam "Klaipeda"]
[WhiteTeamCountry "LTU"]
[BlackTeamCountry "LTU"]

1. d4 d5 2. Nf3 e6 3. c4 Be7 4. Nc3 Nf6 5. Bg5 Nbd7 6. e3 0-0 7. Bd3 b6 8. cxd5 exd5 9. 0-0 Bb7 10. Qc2 c5 11. b3 g6 12. Rfd1 Rc8 13. Qb2 cxd4 14. exd4 Ne4 15. Bxe7 Qxe7 16. Nxe4 dxe4 17. Re1 Nf6 18. Nd2 Rfe8 19. f3 e3 20. Nc4 Nd5 21. Be4 Qg5 22. Nd6 Nf4 23. Bxb7 Nh3+ 24. Kf1 e2+ 25. Rxe2 Rxe2 26. Qxe2 Rc1+ 27. Rxc1 Qxc1+ 28. Qe1 1-0

[Event "Klaipeda Sea op-B 13th"]
[Site "Klaipeda"]
[Date "2016.07.29"]
[Round "5"]
[White "Saunoriute, Milda"]
[Black "Buterlevicius, Rytis"]
[Result "0-1"]
[WhiteElo "1286"]
[BlackElo "1800"]
[PlyCount "98"]
[EventDate "2016.07.25"]
[EventType "swiss"]
[EventRounds "7"]
[EventCountry "LTU"]
[SourceTitle "EXT 2018"]
[Source "ChessBase"]
[SourceDate "2017.10.13"]
[SourceVersion "1"]
[SourceVersionDate "2017.10.13"]
[SourceQuality "1"]

1. e4 c6 2. d4 d5 3. exd5 cxd5 4. Bd3 Nf6 5. h3 Nc6 6. c3 e6 7. Bf4 Be7 8. Nf3 0-0 9. 0-0 a5 10. Nbd2 b6 11. Ne5 Nxe5 12. Bxe5 Ba6 13. Qc2 Bxd3 14. Qxd3 Rc8 15. Rfe1 Nd7 16. Bf4 Nf6 17. Nf3 Ne4 18. Ne5 f6 19. Nf3 Qd7 20. Nd2 Nxd2 21. Qxd2 Bd6 22. Re2 b5 23. Rae1 Rfe8 24. a3 Bf8 25. Re3 Rc6 26. Qe2 b4 27. axb4 axb4 28. Bg3 bxc3 29. Rxc3 Rxc3 30. bxc3 Qc6 31. Qe3 Kf7 32. Ra1 Ra8 33. Rxa8 Qxa8 34. f3 Qa1+ 35. Qe1 Qb2 36. Bf4 Ba3 37. Kh2 g5 38. Qd2 gxf4 39. Qxf4 Qxc3 40. Qh6 Bd6+ 41. f4 Qd3 42. Qh5+ Qg6 43. Qf3 Qg5 44. g3 Qf5 45. Qb3 Qe4 46. Qb7+ Be7 47. Qb2 h5 48. Qd2 h4 49. gxh4 Bd6 0-1

[Event "LTU-chT"]
[Site "Lithuania"]
[Date "2016.02.07"]
[Round "5.5"]
[White "Buterlevicius, Rytis"]
[Black "Jankunas, Tomas"]
[Result "1/2-1/2"]
[WhiteElo "1794"]
[BlackElo "2038"]
[PlyCount "115"]
[EventDate "2016.01.23"]
[EventType "team-swiss"]
[EventRounds "7"]
[EventCountry "LTU"]
[SourceTitle "EXT 2017"]
[Source "ChessBase"]
[SourceDate "2016.10.25"]
[SourceVersion "1"]
[SourceVersionDate "2016.10.25"]
[SourceQuality "1"]
[WhiteTeam "Kretinga Akmena"]
[BlackTeam "Kaunas Milsa"]
[WhiteTeamCountry "LTU"]
[BlackTeamCountry "LTU"]

1. d4 Nf6 2. Nf3 g6 3. Bf4 Bg7 4. h3 d6 5. e3 0-0 6. Be2 Nbd7 7. Bh2 Qe8 8. 0-0 e5 9. c4 Qe7 10. Nc3 a6 11. Rc1 b6 12. b4 Bb7 13. c5 bxc5 14. bxc5 dxc5 15. Nxe5 cxd4 16. exd4 Nxe5 17. Bxe5 c5 18. Qb3 cxd4 19. Bxd4 Rad8 20. Be3 Nd5 21. Nxd5 Bxd5 22. Bc4 Rb8 23. Qd1 Bb7 24. Qg4 Rbc8 25. Bb3 Bb2 26. Rcd1 Bc6 27. Rb1 Be5 28. Bh6 Rfe8 29. Rfe1 Qc7 30. Kh1 Rcd8 31. Red1 a5 32. Bg5 Rxd1+ 33. Rxd1 Qa7 34. Be3 Qe7 35. Ba4 h5 36. Qc4 Bxa4 37. Qxa4 Rd8 38. Bb6 Rxd1+ 39. Qxd1 Qf6 40. Qd8+ Qxd8 41. Bxd8 Bc3 42. Kg1 Kf8 43. Kf1 Ke8 44. Bg5 Kd7 45. Ke2 Kc6 46. Kd3 Be1 47. Be3 Kb5 48. f3 Kb4 49. Bc1 Bc3 50. Bh6 Be1 51. Bf8+ Kb5 52. Be7 Bb4 53. Bg5 Ka4 54. Bc1 Ba3 55. Bf4 Bb4 56. Bc1 Ba3 57. Bf4 Bb4 58. Bc1 1/2-1/2

[Event "Klaipeda Sea op-B 12th"]
[Site "Klaipeda"]
[Date "2015.07.27"]
[Round "1"]
[White "Buterlevicius, Rytis"]
[Black "Adomaviciute, Migle"]
[Result "1-0"]
[WhiteElo "1790"]
[BlackElo "1408"]
[PlyCount "79"]
[EventDate "2015.07.27"]
[EventType "swiss"]
[EventRounds "7"]
[EventCountry "LTU"]
[SourceTitle "CBM 167 Extra"]
[Source "ChessBase"]
[SourceDate "2015.09.14"]
[SourceVersion "1"]
[SourceVersionDate "2015.09.14"]
[SourceQuality "1"]

1. d4 e6 2. Nf3 d5 3. c4 Bb4+ 4. Nc3 Nf6 5. Qa4+ Nc6 6. Ne5 Bd7 7. Nxd7 Qxd7 8. e3 0-0 9. Bd3 a6 10. cxd5 Nxd5 11. Qc2 h6 12. 0-0 e5 13. Nxd5 Qxd5 14. Be4 Qd6 15. dxe5 Qxe5 16. Bxc6 bxc6 17. Qxc6 Bd6 18. g3 a5 19. Qc2 Rab8 20. Rb1 Bc5 21. Bd2 Bb6 22. Bc3 Qe6 23. Qa4 Qf5 24. Qf4 Qe6 25. Qe5 Qg6 26. Rbd1 Rfe8 27. Qf4 Re4 28. Qf3 Re7 29. Rd2 Rbe8 30. Rfd1 h5 31. Rd8 Kf8 32. Qa8 Qg4 33. Rxe8+ Rxe8 34. Rd8 Qe6 35. Bxg7+ Kxg7 36. Rxe8 Qxa2 37. Rg8+ Kh7 38. Rg5 Kh6 39. h4 Qxb2 40. Qf8+ 1-0

[Event "Plunge op 35th"]
[Site "Plateliai"]
[Date "2015.07.26"]
[Round "9"]
[White "Indriunas, Matas"]
[Black "Buterlevicius, Rytis"]
[Result "0-1"]
[WhiteElo "1596"]
[BlackElo "1790"]
[PlyCount "37"]
[EventDate "2015.07.20"]
[EventType "swiss"]
[EventRounds "9"]
[EventCountry "LTU"]
[SourceTitle "EXT 2018"]
[Source "ChessBase"]
[SourceDate "2017.10.13"]
[SourceVersion "1"]
[SourceVersionDate "2017.10.13"]
[SourceQuality "1"]

1. e4 c6 2. d4 d5 3. Nd2 dxe4 4. Nxe4 Bf5 5. Ng3 Bg6 6. Nf3 Nd7 7. h4 h6 8. h5 Bh7 9. Bd3 Bxd3 10. Qxd3 Ngf6 11. 0-0 e6 12. Bf4 Be7 13. Qd2 Nd5 14. Be5 Nxe5 15. Nxe5 Bg5 16. f4 Bh4 17. f5 Bxg3 18. fxe6 Bxe5 19. exf7+ 0-1

[Event "Plunge op 35th"]
[Site "Plateliai"]
[Date "2015.07.23"]
[Round "5"]
[White "Buterlevicius, Rytis"]
[Black "Sarauskas, Andrius"]
[Result "1-0"]
[WhiteElo "1790"]
[BlackElo "1559"]
[PlyCount "123"]
[EventDate "2015.07.20"]
[EventType "swiss"]
[EventRounds "9"]
[EventCountry "LTU"]
[SourceTitle "EXT 2018"]
[Source "ChessBase"]
[SourceDate "2017.10.13"]
[SourceVersion "1"]
[SourceVersionDate "2017.10.13"]
[SourceQuality "1"]

1. d4 Nf6 2. Nf3 d5 3. c4 e6 4. Nc3 Nbd7 5. Bf4 Be7 6. h3 c6 7. e3 0-0 8. Bd3 Re8 9. 0-0 Nf8 10. Rc1 Ng6 11. Bg3 Nd7 12. e4 dxe4 13. Nxe4 Nb6 14. Qc2 f5 15. Nc3 Bf6 16. Rfd1 Qe7 17. Qb3 Rd8 18. c5 Nd5 19. Bd6 Qf7 20. a3 Ngf4 21. Bxf4 Nxf4 22. Bf1 Nd5 23. Re1 Qc7 24. Qc4 Bd7 25. Ne5 Be8 26. b4 a6 27. a4 Rac8 28. Nxd5 Rxd5 29. Qc3 Bxe5 30. dxe5 Qe7 31. Bc4 Rd7 32. Red1 Rcd8 33. Rd6 Bf7 34. Rcd1 Rxd6 35. Rxd6 Rxd6 36. cxd6 Qd8 37. Qb3 Qc8 38. Qd3 Qd7 39. Qd4 b5 40. Bb3 Be8 41. Qb6 Qc8 42. Bd1 g5 43. axb5 cxb5 44. Qc7 Bd7 45. Bf3 Qxc7 46. dxc7 Bc8 47. Kf1 Kg7 48. Ke2 Kg6 49. Kd3 h5 50. g4 h4 51. Kd4 Kf7 52. Kc5 Ke7 53. Be2 Ke8 54. Kd6 Kf7 55. f3 f4 56. Bd3 Ke8 57. Be4 a5 58. bxa5 b4 59. Bc2 Bb7 60. Bg6+ Kf8 61. Kd7 Kg7 62. Bc2 1-0

[Event "Plunge op 35th"]
[Site "Plateliai"]
[Date "2015.07.21"]
[Round "2"]
[White "Pultinevicius, Paulius"]
[Black "Buterlevicius, Rytis"]
[Result "1-0"]
[WhiteElo "2217"]
[BlackElo "1790"]
[PlyCount "97"]
[EventDate "2015.07.20"]
[EventType "swiss"]
[EventRounds "9"]
[EventCountry "LTU"]
[SourceTitle "EXT 2018"]
[Source "ChessBase"]
[SourceDate "2017.10.13"]
[SourceVersion "1"]
[SourceVersionDate "2017.10.13"]
[SourceQuality "1"]

1. d4 d5 2. Nc3 c6 3. e4 dxe4 4. Nxe4 Bf5 5. Ng3 Bg6 6. Nf3 Nd7 7. h4 h6 8. h5 Bh7 9. Bd3 Bxd3 10. Qxd3 Ngf6 11. Bd2 e6 12. 0-0-0 Bd6 13. Ne4 Nxe4 14. Qxe4 Nf6 15. Qe2 Qc7 16. Ne5 0-0-0 17. Rh3 c5 18. Rc3 Nd5 19. Rf3 Nf6 20. Nc4 cxd4 21. Nxd6+ Qxd6 22. Bf4 Qc5 23. Be5 Ng4 24. Bxd4 Qg5+ 25. Kb1 Kb8 26. Rg3 f5 27. f3 e5 28. Bc3 Rxd1+ 29. Qxd1 Qf4 30. Qe1 Ne3 31. Bd2 Qh4 32. Bxe3 f4 33. Bxa7+ Kxa7 34. Qa5+ Kb8 35. Qxe5+ Ka8 36. Rh3 Qf2 37. b3 Rc8 38. Qe4 Qxg2 39. Qa4+ Kb8 40. Qxf4+ Ka8 41. Qh2 Qf1+ 42. Kb2 Qe1 43. f4 Rd8 44. Qg3 Qf1 45. Qf3 Qg1 46. Qg3 Qd4+ 47. Qc3 Qxf4 48. Qa5+ Kb8 49. Qxd8+ 1-0

[Event "Plunge op 34th"]
[Site "Plateliai"]
[Date "2014.07.16"]
[Round "4"]
[White "Buterlevicius, Rytis"]
[Black "Beks, Edmunds"]
[Result "1/2-1/2"]
[WhiteElo "1671"]
[BlackElo "1923"]
[PlyCount "31"]
[EventDate "2014.07.14"]
[EventType "swiss"]
[EventRounds "9"]
[EventCountry "LTU"]
[SourceTitle "EXT 2015"]
[Source "ChessBase"]
[SourceDate "2014.11.20"]
[SourceVersion "1"]
[SourceVersionDate "2014.11.20"]
[SourceQuality "1"]

1. d4 d5 2. Nf3 Nf6 3. Bf4 c5 4. c3 Nc6 5. e3 Bg4 6. Nbd2 e6 7. Be2 Be7 8. 0-0 Qb6 9. Qb3 Qxb3 10. axb3 0-0 11. h3 Bxf3 12. Bxf3 a6 13. Ra2 Rac8 14. Re1 Rfd8 15. g4 h6 16. Bg3 1/2-1/2

[Event "Palanga Baltija op-A"]
[Site "Palanga"]
[Date "2014.06.21"]
[Round "9"]
[White "Buterlevicius, Rytis"]
[Black "Saumanaite, Skaiste"]
[Result "1/2-1/2"]
[WhiteElo "1663"]
[BlackElo "1809"]
[PlyCount "24"]
[EventDate "2014.06.16"]
[EventType "swiss"]
[EventRounds "9"]
[EventCountry "LTU"]
[SourceTitle "CBM 161 Extra"]
[Source "ChessBase"]
[SourceDate "2014.08.29"]
[SourceVersion "1"]
[SourceVersionDate "2014.08.29"]
[SourceQuality "1"]

1. d4 d5 2. Nf3 Nf6 3. Bf4 c6 4. c3 Bf5 5. e3 e6 6. Bd3 Bxd3 7. Qxd3 Nbd7 8. Nbd2 Be7 9. 0-0 0-0 10. h3 c5 11. c4 b6 12. Rfd1 a6 1/2-1/2

[Event "Palanga Baltija op-A"]
[Site "Palanga"]
[Date "2014.06.18"]
[Round "4"]
[White "Buterlevicius, Rytis"]
[Black "Buzas, Narvydas"]
[Result "1/2-1/2"]
[WhiteElo "1663"]
[BlackElo "1828"]
[PlyCount "38"]
[EventDate "2014.06.16"]
[EventType "swiss"]
[EventRounds "9"]
[EventCountry "LTU"]
[SourceTitle "CBM 161 Extra"]
[Source "ChessBase"]
[SourceDate "2014.08.29"]
[SourceVersion "1"]
[SourceVersionDate "2014.08.29"]
[SourceQuality "1"]

1. d4 d5 2. Nf3 Nf6 3. c4 c6 4. e3 Bg4 5. cxd5 Bxf3 6. Qxf3 cxd5 7. Bb5+ Nc6 8. 0-0 Rc8 9. Nc3 e6 10. Bd2 Be7 11. Rac1 0-0 12. Bd3 Qd7 13. Qh3 g6 14. Rfd1 Rfd8 15. f4 Qe8 16. Be1 a6 17. a4 Nb4 18. Bb1 Rc6 19. Bd2 Rdc8 1/2-1/2

[Event "Palanga Baltija op-A"]
[Site "Palanga"]
[Date "2014.06.18"]
[Round "5"]
[White "Trost, Martin"]
[Black "Buterlevicius, Rytis"]
[Result "1-0"]
[WhiteElo "1883"]
[BlackElo "1663"]
[PlyCount "81"]
[EventDate "2014.06.16"]
[EventType "swiss"]
[EventRounds "9"]
[EventCountry "LTU"]
[SourceTitle "CBM 161 Extra"]
[Source "ChessBase"]
[SourceDate "2014.08.29"]
[SourceVersion "1"]
[SourceVersionDate "2014.08.29"]
[SourceQuality "1"]

1. e4 c5 2. Nc3 Nc6 3. f4 d6 4. Bc4 Nf6 5. Nf3 Bg4 6. d3 Nd4 7. Be3 a6 8. a4 Qb6 9. Bxd4 cxd4 10. Ne2 Bxf3 11. gxf3 e5 12. Qd2 Qxb2 13. Kf2 Qb6 14. Rhb1 Qc7 15. Rb3 b6 16. Rab1 Nd7 17. c3 Qa7 18. Bd5 Rc8 19. cxd4 exd4 20. Nxd4 g6 21. Nc6 Qc7 22. Qc3 Rg8 23. Qc4 Rg7 24. d4 Qb7 25. e5 dxe5 26. fxe5 Be7 27. Rc3 Nb8 28. Qe2 Nxc6 29. Qe4 Kf8 30. Bxc6 Qc7 31. Rbc1 a5 32. R3c2 f5 33. Qd3 Bh4+ 34. Kf1 Qb8 35. Qb5 Rd8 36. Rc4 Qc7 37. d5 Bg5 38. f4 Be7 39. d6 Bxd6 40. exd6 Rxd6 41. Bf3 1-0

[Event "LTU-ch U18"]
[Site "Panevezys"]
[Date "2014.03.30"]
[Round "7"]
[White "Maksvytis, Marius"]
[Black "Buterlevicius, Rytis"]
[Result "0-1"]
[WhiteElo "1615"]
[BlackElo "1654"]
[PlyCount "86"]
[EventDate "2014.03.25"]
[EventType "swiss"]
[EventRounds "7"]
[EventCountry "LTU"]
[SourceTitle "CBM 159 Extra"]
[Source "ChessBase"]
[SourceDate "2014.04.24"]
[SourceVersion "1"]
[SourceVersionDate "2014.04.24"]
[SourceQuality "1"]

1. e4 c5 2. c3 d5 3. exd5 Qxd5 4. d4 Nc6 5. Nf3 Bg4 6. Be2 Nf6 7. h3 Bh5 8. 0-0 e6 9. Be3 cxd4 10. cxd4 Be7 11. Nc3 Qd8 12. a3 0-0 13. b4 a6 14. Qd2 Rc8 15. b5 axb5 16. Nxb5 Nd5 17. Rfc1 Ra8 18. Qb2 Qb6 19. a4 h6 20. Ne5 Bxe2 21. Qxe2 Nxe5 22. dxe5 Nxe3 23. Qxe3 Qxe3 24. fxe3 b6 25. Nd4 Rfc8 26. Rxc8+ Rxc8 27. Rb1 Bc5 28. Kf2 Ra8 29. Ra1 Bb4 30. Ke2 Bc3 31. Ra2 Kh7 32. Kd3 Be1 33. Rb2 Rxa4 34. Rxb6 Ra2 35. Nc2 Bg3 36. Rb5 Kg6 37. e4 Bf4 38. Rc5 Ra7 39. Ke2 Ra2 40. Kd3 Rb2 41. Ra5 Rb3+ 42. Kd4 Rg3 43. Ne1 Bd2 0-1

[Event "Baltic Amateur op"]
[Site "Vilnius"]
[Date "2014.03.11"]
[Round "5"]
[White "Valantiejus, Vaidotas"]
[Black "Buterlevicius, Rytis"]
[Result "1-0"]
[WhiteElo "1968"]
[BlackElo "1654"]
[PlyCount "59"]
[EventDate "2014.03.09"]
[EventType "swiss"]
[EventRounds "5"]
[EventCountry "LTU"]
[SourceTitle "CBM 159 Extra"]
[Source "ChessBase"]
[SourceDate "2014.04.24"]
[SourceVersion "1"]
[SourceVersionDate "2014.04.24"]
[SourceQuality "1"]

1. e4 c5 2. c3 d5 3. exd5 Qxd5 4. d4 Nf6 5. Nf3 Bg4 6. dxc5 Bxf3 7. Qxf3 e6 8. Qxd5 Nxd5 9. b4 a5 10. Bc4 Nc6 11. Bxd5 exd5 12. Bd2 Be7 13. 0-0 Bf6 14. b5 Ne5 15. Be3 Be7 16. Bd4 f6 17. Re1 Ng6 18. Nd2 Kf7 19. a4 Rhc8 20. Nb3 Rc7 21. Rad1 Nf8 22. Be3 Rd7 23. Rd3 g5 24. Red1 Ke6 25. Nd4+ Ke5 26. c6 bxc6 27. Nxc6+ Ke6 28. Nxe7 Rxe7 29. Rxd5 Nd7 30. Rd6+ 1-0

[Event "Plateliai op 23rd"]
[Site "Plateliai"]
[Date "2013.07.20"]
[Round "8"]
[White "Buterlevicius, Rytis"]
[Black "Jonkus, Lukas"]
[Result "1/2-1/2"]
[WhiteElo "1614"]
[BlackElo "1817"]
[PlyCount "33"]
[EventDate "2013.07.15"]
[EventType "swiss"]
[EventRounds "9"]
[EventCountry "LTU"]
[SourceTitle "EXT 2014"]
[Source "ChessBase"]
[SourceDate "2013.11.20"]
[SourceVersion "1"]
[SourceVersionDate "2013.11.20"]
[SourceQuality "1"]

1. d4 d5 2. c4 e6 3. Bf4 Bd6 4. Bg3 Nf6 5. Nc3 Bxg3 6. hxg3 b6 7. Nf3 Bb7 8. Qc2 Ne4 9. e3 f5 10. Bd3 Nd7 11. Nb5 a6 12. Nc3 0-0 13. Rc1 Rc8 14. Qe2 h5 15. cxd5 Nxc3 16. bxc3 exd5 17. Nh4 1/2-1/2

[Event "Plateliai op 23rd"]
[Site "Plateliai"]
[Date "2013.07.15"]
[Round "1"]
[White "Kaunas, Kestutis"]
[Black "Buterlevicius, Rytis"]
[Result "1-0"]
[WhiteElo "2239"]
[BlackElo "1614"]
[PlyCount "53"]
[EventDate "2013.07.15"]
[EventType "swiss"]
[EventRounds "9"]
[EventCountry "LTU"]
[SourceTitle "EXT 2014"]
[Source "ChessBase"]
[SourceDate "2013.11.20"]
[SourceVersion "1"]
[SourceVersionDate "2013.11.20"]
[SourceQuality "1"]

1. d4 d5 2. c4 c6 3. Nf3 Nf6 4. Nc3 e6 5. e3 Bd6 6. Bd3 0-0 7. 0-0 Nbd7 8. e4 dxc4 9. Bxc4 b5 10. Bd3 e5 11. d5 cxd5 12. Nxd5 Nxd5 13. exd5 b4 14. Re1 Bb7 15. Bf5 Re8 16. Bg5 f6 17. Be3 Nb6 18. Be6+ Kh8 19. Nh4 Bc8 20. Bf7 Re7 21. Qh5 Rxf7 22. Qxf7 Nc4 23. Rac1 Nxb2 24. Bc5 Nd3 25. Bxd6 Bd7 26. Rc4 Nxe1 27. Ng6+ 1-0

[Event "Palanga op"]
[Site "Palanga"]
[Date "2013.06.21"]
[Round "8"]
[White "Buterlevicius, Rytis"]
[Black "Krusas, Algirdas"]
[Result "1-0"]
[WhiteElo "1604"]
[BlackElo "1517"]
[PlyCount "89"]
[EventDate "2013.06.17"]
[EventType "swiss"]
[EventRounds "9"]
[EventCountry "LTU"]
[SourceTitle "EXT 2014"]
[Source "ChessBase"]
[SourceDate "2013.11.20"]
[SourceVersion "1"]
[SourceVersionDate "2013.11.20"]
[SourceQuality "1"]

1. d4 d5 2. Nf3 Nf6 3. Bf4 Bf5 4. e3 c6 5. a3 e6 6. c4 dxc4 7. Bxc4 Bd6 8. Bg5 Nbd7 9. 0-0 Nb6 10. Be2 Be7 11. Nc3 Nfd5 12. Bxe7 Qxe7 13. Ne5 0-0 14. Bf3 Nd7 15. Nxd7 Qxd7 16. e4 Nxc3 17. bxc3 Bg6 18. Qb3 Qc7 19. c4 Rfd8 20. d5 exd5 21. cxd5 cxd5 22. exd5 Rd6 23. Rac1 Qd7 24. Qb4 f6 25. Rfd1 Bf7 26. Rc5 Rd8 27. Qc4 b6 28. Rc7 Qf5 29. Rxa7 Bxd5 30. Bxd5+ Rxd5 31. h3 h6 32. Ra8 Rxa8 33. Rxd5 Qe6 34. Rd8+ Kh7 35. Qxe6 Rxd8 36. Qxb6 Rd1+ 37. Kh2 Ra1 38. Qb2 Re1 39. a4 Re8 40. a5 Ra8 41. Qb6 Kg6 42. a6 Rf8 43. a7 h5 44. Qb7 Rf7 45. Qb1+ 1-0

[Event "Palanga op"]
[Site "Palanga"]
[Date "2013.06.18"]
[Round "3"]
[White "Buterlevicius, Rytis"]
[Black "Voronko, Valerijs"]
[Result "0-1"]
[WhiteElo "1604"]
[BlackElo "1891"]
[PlyCount "80"]
[EventDate "2013.06.17"]
[EventType "swiss"]
[EventRounds "9"]
[EventCountry "LTU"]
[SourceTitle "EXT 2014"]
[Source "ChessBase"]
[SourceDate "2013.11.20"]
[SourceVersion "1"]
[SourceVersionDate "2013.11.20"]
[SourceQuality "1"]

1. d4 c5 2. d5 e6 3. c4 exd5 4. cxd5 g6 5. Nc3 Bg7 6. e4 d6 7. Nf3 a6 8. a4 Ne7 9. Bf4 Bg4 10. h3 Bxf3 11. Qxf3 Qb6 12. Rb1 0-0 13. Be2 Nd7 14. 0-0 Ne5 15. Qe3 f5 16. Bh6 fxe4 17. Bxg7 Nf5 18. Qxe4 Kxg7 19. Bg4 Nxg4 20. hxg4 Rae8 21. Qc4 Nd4 22. b4 Rf4 23. Kh1 Ne2 24. Qd3 Rd4 25. Qf3 Nxc3 26. Qxc3 cxb4 27. Qa1 Kf7 28. Rbc1 Rxg4 29. a5 Qd8 30. Rc2 b3 31. Rc3 Rh4+ 32. Kg1 Rb4 33. Qa3 Rb5 34. Rxb3 Qxa5 35. Rf3+ Kg8 36. Qxd6 Rxd5 37. Qg3 Rde5 38. Ra3 Qb5 39. Qb3+ Qxb3 40. Rxb3 b5 0-1

[Event "Palanga op"]
[Site "Palanga"]
[Date "2013.06.18"]
[Round "2"]
[White "Dzenkauskas, Jurgis"]
[Black "Buterlevicius, Rytis"]
[Result "0-1"]
[WhiteElo "1843"]
[BlackElo "1604"]
[PlyCount "66"]
[EventDate "2013.06.17"]
[EventType "swiss"]
[EventRounds "9"]
[EventCountry "LTU"]
[SourceTitle "EXT 2014"]
[Source "ChessBase"]
[SourceDate "2013.11.20"]
[SourceVersion "1"]
[SourceVersionDate "2013.11.20"]
[SourceQuality "1"]

1. c4 e5 2. g3 Nf6 3. Bg2 Bc5 4. Nf3 Nc6 5. Nxe5 Nxe5 6. d4 Bb4+ 7. Bd2 Bxd2+ 8. Nxd2 Ng6 9. e4 d6 10. f4 0-0 11. f5 Ne7 12. g4 Nc6 13. g5 Nd7 14. Qh5 Nxd4 15. 0-0 f6 16. h4 Ne5 17. b3 Qe8 18. Qd1 b6 19. Rc1 Bb7 20. Rc3 c5 21. Rg3 Bc6 22. Kh2 Rc8 23. Rg1 Rc7 24. Bh1 Kh8 25. h5 fxg5 26. Rxg5 h6 27. R5g3 b5 28. Rh3 Rb7 29. cxb5 Bxb5 30. Nc4 Bxc4 31. bxc4 Rb2+ 32. Bg2 Nxc4 33. Qc1 Qa4 0-1